00425nam a2200109 4500245008600000100001900086260005200105300002300157082001600180952010400196999001500300 aOxford book of ballads, newly selected and edited by James KinsleycJames Kinsley aKinsley, James aOxfordbClarendon Pressc1969 [ reprinted 1971] axvi, 711p.; 19cm. a821.04bKIN 001040708ENGLaNEHUbNEHUd2011-11-18l0o821.04 KINpA2005r2011-11-18 00:00:00w2011-11-18yBK c1068d1068